| 000 | 00543nam a2200193 a 4500 | ||
|---|---|---|---|
| 005 | 20240925064726.0 | ||
| 008 | 991125s1994 mx 000 0 spa u | ||
| 020 | _a9681841832 | ||
| 035 | _aUPN01000008850 | ||
| 049 | _aCG | ||
| 050 | 4 |
_aPN1055 _bK72 |
|
| 100 | 1 |
_aKrauze Kolteniuk, Ethel, _d1954- _931624 |
|
| 245 | 1 | 0 |
_aCómo acercarse a la poesía / _cEthel Krauze. |
| 260 |
_aMéxico : _bCNCA : _bGobierno del Estado de Quéretaro, _c1994. |
||
| 300 | _a193 p. | ||
| 440 | 0 | _aCómo acercarse a | |
| 650 | 4 |
_aPoesía _91400 |
|
| 905 | _aLibro | ||
| 999 |
_c8850 _d8850 |
||